[Event "PRO League Eastern"]
[Site "Chess.com INT"]
[Date "2017.01.11"]
[Round "1"]
[White "Jeran, Bostjan"]
[Black "Bakre, Tejas"]
[Result "0-1"]
[WhiteElo "2236"]
[BlackElo "2457"]
[PlyCount "86"]
[EventDate "2017.01.11"]
[EventType "team-swiss (rapid)"]
[EventRounds "7"]
[EventCountry "USA"]
[SourceTitle "CBM 176 Extra"]
[Source "ChessBase"]
[SourceDate "2017.03.02"]
[SourceVersion "1"]
[SourceVersionDate "2017.03.02"]
[SourceQuality "1"]
[WhiteTeam "Ljubljana Direwolves"]
[BlackTeam "Delhi Dynamite"]
[WhiteTeamCountry "SLO"]
[BlackTeamCountry "IND"]

1. Nf3 c5 2. c4 Nc6 3. Nc3 Nf6 4. g3 d6 5. Bg2 g6 6. 0-0 Bg7 7. a3 0-0 8. Rb1 a5 9. d3 Bd7 10. Bd2 Ne8 11. Qc1 Nc7 12. Bh6 Rb8 13. Nd5 b5 14. Nxc7 Qxc7 15. Bxg7 Kxg7 16. cxb5 Rxb5 17. Qc3+ e5 18. Nd2 Rfb8 19. e3 Be6 20. b3 f6 21. a4 Rb4 22. Rb2 Ne7 23. Rfb1 Nd5 24. Qc2 h5 25. h4 Ne7 26. Ne4 Qb6 27. Nd2 d5 28. Rc1 c4 29. dxc4 dxc4 30. Ne4 Rxb3 31. Ra2 Rb1 32. Nc3 Rxc1+ 33. Qxc1 Qb3 34. Ra3 Qb2 35. Qxb2 Rxb2 36. Bf1 f5 37. Nb5 Rb4 38. Nd6 Nc8 39. Ne8+ Kf7 40. Nc7 Nb6 41. Na6 Rxa4 42. Rc3 Ra1 43. f3 Nd5 0-1

[Event "IND-ch 54th"]
[Site "Lucknow"]
[Date "2016.11.26"]
[Round "9"]
[White "Laxman, Rajaram"]
[Black "Bakre, Tejas"]
[Result "1/2-1/2"]
[WhiteElo "2387"]
[BlackElo "2450"]
[PlyCount "51"]
[EventDate "2016.11.17"]
[EventType "tourn"]
[EventRounds "13"]
[EventCountry "IND"]
[EventCategory "9"]
[SourceTitle "CBM 175 Extra"]
[Source "ChessBase"]
[SourceDate "2016.12.12"]
[SourceVersion "1"]
[SourceVersionDate "2016.12.12"]
[SourceQuality "1"]

1. d4 d5 2. c4 c6 3. cxd5 cxd5 4. Nf3 Nc6 5. Nc3 Nf6 6. Bf4 Bf5 7. e3 e6 8. Bd3 Bxd3 9. Qxd3 Bd6 10. Bxd6 Qxd6 11. 0-0 0-0 12. Rac1 Rfc8 13. Ne2 Ne7 14. Rxc8+ Rxc8 15. Rc1 Rxc1+ 16. Nxc1 Nc6 17. Qc2 h6 18. h3 Qb4 19. a3 Qd6 20. Nd3 Nd7 21. Qc3 b6 22. g3 Kf8 23. Kg2 Ke8 24. Nf4 Kf8 25. Nd3 Ke8 26. Qc2 1/2-1/2

[Event "IND-ch 54th"]
[Site "Lucknow"]
[Date "2016.11.25"]
[Round "8"]
[White "Bakre, Tejas"]
[Black "Vidit, Santosh Gujrathi"]
[Result "1/2-1/2"]
[WhiteElo "2450"]
[BlackElo "2689"]
[PlyCount "49"]
[EventDate "2016.11.17"]
[EventType "tourn"]
[EventRounds "13"]
[EventCountry "IND"]
[EventCategory "9"]
[SourceTitle "CBM 175 Extra"]
[Source "ChessBase"]
[SourceDate "2016.12.12"]
[SourceVersion "1"]
[SourceVersionDate "2016.12.12"]
[SourceQuality "1"]

1. d4 Nf6 2. Nf3 d5 3. e3 Bf5 4. Bd3 e6 5. 0-0 Nbd7 6. c4 dxc4 7. Bxf5 exf5 8. Qc2 g6 9. a4 Bd6 10. Nbd2 0-0 11. Nxc4 Nb6 12. Bd2 Qe7 13. Nxd6 cxd6 14. Rfc1 Rfc8 15. Qb3 Qd7 16. a5 Nbd5 17. Ne1 a6 18. Nd3 h5 19. Rxc8+ Rxc8 20. Rc1 Re8 21. Re1 Qc6 22. Rc1 Qd7 23. Re1 Qc6 24. Rc1 Qd7 25. Re1 1/2-1/2